The estimation of animal abundance and related parameters (Record no. 15173)

000 -LEADER
fixed length control field 00417cam a2200157 4500
020 ## - INTERNATIONAL STANDARD BOOK NUMBER
ISBN 0852642075
040 ## - CATALOGING SOURCE
Transcribing agency DLC
082 00 - DEWEY DECIMAL CLASSIFICATION NUMBER
Classification number 591 GRI 1973 A062 Or.
100 1# - MAIN ENTRY--AUTHOR NAME
Personal name Seber, G. A. F.
245 14 - TITLE STATEMENT
Title The estimation of animal abundance and related parameters
260 ## - PUBLICATION, DISTRIBUTION, ETC. (IMPRINT)
Place of publication London,
Name of publisher Griffin,
Year of publication 1973.
300 ## - PHYSICAL DESCRIPTION
Number of Pages xii, 506 p.
Other physical details illus.
Dimensions 24 cm.
500 ## - GENERAL NOTE
General note Includes index.
650 #0 - SUBJECT ADDED ENTRY--TOPICAL TERM
Topical Term Animal populations
942 ## - ADDED ENTRY ELEMENTS (KOHA)
Koha item type សៀវភៅភាសាអង់គ្លេស
952 ## - LOCATION AND ITEM INFORMATION (KOHA)
Withdrawn status [LOCAL, KOHA] 0
Holdings
Permanent Location Date acquired Koha item type Lost status Shelving location Barcode Current Location Full call number
Library Block A2017-11-13សៀវភៅភាសាអង់គ្លេស A084A07460Library Block A591 GRI 1973 A084 Or.
មជ្ឈមណ្ឌលឯការនៃសាកលវិទ្យាល័យភូមិន្ទកសិកម្មចំការដូង

Powered by Koha